000 01169cam a2200385 i 4500
001 0000476
003 DO-SdBPM
005 20260311083652.0
007 ta
008 100514s2001 sp | |||| 000 f spa
015 _a
017 _a
_b
020 _a846630326X
035 _a
040 _aDO-SdBPM
_bspa
_cBPMSU
_e rea
080 _a
082 0 4 _a873.01
_bV816e 2001
_222
100 1 _aMarón Publio, Virgilio,
_d70-19 a. de J. C.
_eautor
_4aut.
245 1 0 _aEneida /
_cVirgilio ; traducción Lorenzo Riber ; prólogo Carlos García Gual
260 _a
264 _aMadrid:
_bSantillana ediciones generales,
_c2001.
300 _a442 páginas ;
_c18 cm
336 _atexto
_btxt
_2rdacontent
337 _asin mediación
_bn
_2rdamedia
338 _avolumen
_bnc
_2rdacarrier
490 0 _aPunto de lectura
_v191
500 _aIncluye datos biográficos del autor
590 _aInventariado, 2026/VM
650 7 _aPoesía épica latina
_2
650 7 _a Literatura latina
700 1 _aRiber, Lorenzo
_etraductor
700 1 _aGarcía Gual, Carlos
_eprólogo
910 _aVMateo V. Control de calidad BPMSU
942 _2ddc
_cBK
999 _c10688
_d10688